000 00607nam a22001817a 4500
005 20231110121857.0
010 _aENG-134640
020 _c600.00
035 _aEN-118172
037 _bDBAD/PUB
082 _a333.31
100 _aSubramaniyam, Ravi
_958538
245 _aTamil Nadu Land Reforms:
_bFixation of Ceiling on Land Act, 1961/
_cBy Ravi Subramaniyam
260 _aChennai
_bCTC Publication Pvt. Ltd
_c2015
270 _a5-B, Sanskrit College Street, Mylapore
_bChennai
_e600004
_mctcpublication@gmail.com
300 _axxxii, 480p.
_c24cm(pbk)
942 _2ddc
_cEN
_h333.31
_mSUB
999 _c191351
_d191351